<?xml version="1.0" encoding="UTF-8"?><?xml-stylesheet type="text/xsl" href="static/style.xsl"?><OAI-PMH xmlns="http://www.openarchives.org/OAI/2.0/" xmlns:xsi="http://www.w3.org/2001/XMLSchema-instance" xsi:schemaLocation="http://www.openarchives.org/OAI/2.0/ http://www.openarchives.org/OAI/2.0/OAI-PMH.xsd"><responseDate>2026-04-14T04:23:20Z</responseDate><request verb="GetRecord" identifier="oai:www.recercat.cat:10230/54056" metadataPrefix="marc">https://recercat.cat/oai/request</request><GetRecord><record><header><identifier>oai:recercat.cat:10230/54056</identifier><datestamp>2025-12-17T20:25:30Z</datestamp><setSpec>com_2072_6</setSpec><setSpec>col_2072_452954</setSpec></header><metadata><record xmlns="http://www.loc.gov/MARC21/slim" xmlns:dcterms="http://purl.org/dc/terms/" xmlns:xsi="http://www.w3.org/2001/XMLSchema-instance" xmlns:doc="http://www.lyncode.com/xoai" xsi:schemaLocation="http://www.loc.gov/MARC21/slim http://www.loc.gov/standards/marcxml/schema/MARC21slim.xsd">
   <leader>00925njm 22002777a 4500</leader>
   <datafield ind2=" " ind1=" " tag="042">
      <subfield code="a">dc</subfield>
   </datafield>
   <datafield ind2=" " ind1=" " tag="720">
      <subfield code="a">Carrión García del Rincón, Joan Pere</subfield>
      <subfield code="e">author</subfield>
   </datafield>
   <datafield ind2=" " ind1=" " tag="720">
      <subfield code="a">Tatché Gómez, Anna</subfield>
      <subfield code="e">author</subfield>
   </datafield>
   <datafield ind2=" " ind1=" " tag="260">
      <subfield code="c">2022-09-13T13:04:32Z</subfield>
   </datafield>
   <datafield ind2=" " ind1=" " tag="260">
      <subfield code="c">2022-09-13T13:04:32Z</subfield>
   </datafield>
   <datafield ind2=" " ind1=" " tag="260">
      <subfield code="c">2020</subfield>
   </datafield>
   <datafield ind2=" " ind1=" " tag="520">
      <subfield code="a">Treball fi de màster de l’especialitat de Llengua i Literatura Catalana i Castellana. Màster de Formació del professorat d&amp;apos;Educació Secundària i Batxillerat UPF-UOC</subfield>
   </datafield>
   <datafield ind2=" " ind1=" " tag="520">
      <subfield code="a">Tutora: Rosa Clar Martínez</subfield>
   </datafield>
   <datafield ind2=" " ind1=" " tag="520">
      <subfield code="a">En aquest estudi proposem, de manera teòrica i empírica, que integrar els interessos en les&#xd;
seqüències, en les unitats didàctiques i en els projectes d‟aula pot beneficiar la predisposició&#xd;
per a l‟aprenentatge i la coneixença de les persones que el professorat té davant. L‟objectiu&#xd;
del treball és elaborar una forma d‟integrar aquestes preferències en la construcció de&#xd;
quatre seqüències didàctiques, concretament de llengua i literatura catalana.&#xd;
En el desenvolupament d‟aquestes seqüències deixem palès que el rol del/la docent és una&#xd;
figura d‟acompanyant i mediadora de l‟aprenentatge, mentre que l‟alumnat és el&#xd;
protagonista i qui té les eines per operar, mesurar i reflexionar sobre la seva evolució.&#xd;
D‟altra banda, les activitats que proposem al final del treball són altament vivencials i&#xd;
extrapolables a altres contextos, amb objectius clars, a partir del treball cooperatiu i un&#xd;
paradigma d‟escola inclusiva.</subfield>
   </datafield>
   <datafield ind2=" " ind1=" " tag="520">
      <subfield code="a">This study proposes in a theoretical and empirical way that integrating interests in the&#xd;
teaching units or classroom projects can benefit the predisposition for learning and&#xd;
knowledge of the students that teachers face. The aim of our work is to develop a way to&#xd;
integrate these preferences in the construction of four Catalan language and literature&#xd;
teaching units.&#xd;
In the development of these units we make it clear that the role of the teacher is a figure of&#xd;
companion and mediator of learning, while the student is the protagonist and who has the&#xd;
tools to operate, measure and reflect about his/her evolution. On the other hand, the&#xd;
activities we propose at the end of the project are highly experiential and can be&#xd;
extrapolated to other contexts, with clear objectives, based on cooperative work and an&#xd;
inclusive school paradigm.</subfield>
   </datafield>
   <datafield tag="653" ind2=" " ind1=" ">
      <subfield code="a">Treball de fi de màster – Curs 2020-2021</subfield>
   </datafield>
   <datafield tag="653" ind2=" " ind1=" ">
      <subfield code="a">Interessos</subfield>
   </datafield>
   <datafield tag="653" ind2=" " ind1=" ">
      <subfield code="a">Aprenentatge</subfield>
   </datafield>
   <datafield tag="653" ind2=" " ind1=" ">
      <subfield code="a">Seqüències didàctiques</subfield>
   </datafield>
   <datafield tag="653" ind2=" " ind1=" ">
      <subfield code="a">Preferències</subfield>
   </datafield>
   <datafield tag="653" ind2=" " ind1=" ">
      <subfield code="a">Mediador</subfield>
   </datafield>
   <datafield tag="653" ind2=" " ind1=" ">
      <subfield code="a">Alumne</subfield>
   </datafield>
   <datafield tag="653" ind2=" " ind1=" ">
      <subfield code="a">Treball cooperatiu</subfield>
   </datafield>
   <datafield tag="653" ind2=" " ind1=" ">
      <subfield code="a">Vivencial</subfield>
   </datafield>
   <datafield tag="653" ind2=" " ind1=" ">
      <subfield code="a">Interests</subfield>
   </datafield>
   <datafield tag="653" ind2=" " ind1=" ">
      <subfield code="a">Learning</subfield>
   </datafield>
   <datafield tag="653" ind2=" " ind1=" ">
      <subfield code="a">Teaching units</subfield>
   </datafield>
   <datafield tag="653" ind2=" " ind1=" ">
      <subfield code="a">Preferences</subfield>
   </datafield>
   <datafield ind2="0" ind1="0" tag="245">
      <subfield code="a">Apropem els interessos de l&amp;apos;alumnat a l&amp;apos;aula</subfield>
   </datafield>
</record></metadata></record></GetRecord></OAI-PMH>